Click the Arabian Sea Countries Quiz Stats

Quiz Updated Jan 8, 2018

Challenge
Share
Tweet
Score 0/8 Timer 00:30
5 Plays Today
% Correct
India
92%
Pakistan
90.1%
Somalia
89%
Iran
88.9%
Oman
84.8%
Yemen
84.2%
Djibouti
78.9%
Maldives
77.1%

You're not logged in!

Compare scores with friends on all Sporcle quizzes.
Sign Up with Email
OR
Log In

You Might Also Like...

Show Comments

Extras

Top Quizzes Today


Score Distribution

Your Account Isn't Verified!

In order to create a playlist on Sporcle, you need to verify the email address you used during registration. Go to your Sporcle Settings to finish the process.

Report this User

Report this user for behavior that violates our Community Guidelines.

Details: